Estudios biológicos para la conservación : (Registro nro. 2363)

Detalles MARC
000 -CABECERA
Campo de control 00964nam a2200301 a 4500
005 - FECHA Y HORA DE LA ULTIMA TRANSACCION
Campo de control 20200104041531.0
008 - ELEMENTOS DE LONGITUD FIJA—INFORMACION GENERAL
Campo de control 140305s1997 ec d fr|||| 000 0 spa d
040 ## - FUENTE DE CATALOGACIÓN
Agencia catalogadora original CO-BoIAVH
Agencia transcriptora CO-BoIAVH
041 0# - IDIOMA
Código de idioma para texto/pista de sonido o título separado Español
044 ## - PAÍS DE PUBLICACIÓN
País de publicación Ecuador
082 04 - NUMERO DE CLASIFICACION DECIMAL DEWEY
Número de clasificación 354.334
Número del ítem M53e
100 1# - ASIENTO PRINCIPAL--NOMBRE PERSONAL
Nombre personal Mena, Patricio A.
9 (RLIN) 6438
245 10 - MENCION DE TITULO
Título Estudios biológicos para la conservación :
Parte restante del título diversidad, ecología y etnobiología /
Mención de responsabilidad ECOCIENCIA
260 ## - PUBLICACION, DISTRIBUCION, ETC. (PIE DE IMPRENTA)
Lugar de publicación, distribución, etc. Quito :
Nombre del editor, distribuidor, etc. ECOCIENCIA,
Fecha de publicación, distribución, etc. 1997.
300 ## - DESCRIPCION FISICA
Extensión xii, 437 páginas :
Otros detalles físicos Gráficos ;
Dimensiones 27 x 19 cm.
650 #6 - ASIENTO SECUNDARIO DE MATERIA - TERMINO TEMATICO
Término temático o nombre geográfico como elemento de entrada Conservación de biodiversidad
9 (RLIN) 345
650 #6 - ASIENTO SECUNDARIO DE MATERIA - TERMINO TEMATICO
Término temático o nombre geográfico como elemento de entrada Biodiversidad
9 (RLIN) 92204
650 #6 - ASIENTO SECUNDARIO DE MATERIA - TERMINO TEMATICO
Término temático o nombre geográfico como elemento de entrada Ecología
9 (RLIN) 92250
650 #6 - ASIENTO SECUNDARIO DE MATERIA - TERMINO TEMATICO
Término temático o nombre geográfico como elemento de entrada Etnobiología
9 (RLIN) 8558
650 #6 - ASIENTO SECUNDARIO DE MATERIA - TERMINO TEMATICO
Término temático o nombre geográfico como elemento de entrada Inventarios
9 (RLIN) 92201
650 #6 - ASIENTO SECUNDARIO DE MATERIA - TERMINO TEMATICO
Término temático o nombre geográfico como elemento de entrada Vertebrados
9 (RLIN) 53659
650 #6 - ASIENTO SECUNDARIO DE MATERIA - TERMINO TEMATICO
Término temático o nombre geográfico como elemento de entrada Investigación científica
9 (RLIN) 53660
700 1# - ASIENTO SECUNDARIO - NOMBRE PERSONAL
Nombre personal Soldi, Adrina
9 (RLIN) 15672
700 1# - ASIENTO SECUNDARIO - NOMBRE PERSONAL
Nombre personal Alarcón, Rocío
9 (RLIN) 15673
700 1# - ASIENTO SECUNDARIO - NOMBRE PERSONAL
Nombre personal Chiribiga, Carolina
9 (RLIN) 15674
700 1# - ASIENTO SECUNDARIO - NOMBRE PERSONAL
Nombre personal Suárez, Luis
9 (RLIN) 1942
942 ## - ELEMENTOS ADICIONALES (KOHA)
Tipo de ítem Libro
Sistema de clasificación Dewey Decimal Classification
Existencias
Withdrawn status Lost status Sistema de Clasificación Damaged status No para préstamo Colección Inventariado Ubicación Permanente Ubicación actual Fecha de adquisición Fuente de Valor Valor Total Checkouts Número topográfico Inventario / Código de Barras Date last seen Ejemplar Price effective from Forma de adquisición Tipo de material
    Dewey Decimal Classification     General Inventariado 2017 Bogotá Bogotá 26/06/2001 Instituto 39000.00   LB-354.334 M53e 002943 04/12/2012 Ej. 1 04/12/2012   Libro